Statistiques concernant Pokémon par les deux première lettres (2ème partie)

Cliquez ici pour prendre le quiz!

Statistiques générales

  • Ce quiz a été pris 467 fois
  • Le résultat moyen est 176 sur 263

Statistiques - réponses

Pokémon% Correct
467Maganon
91%
429Magirêve
91%
462Magnézone
91%
497Majaspic
91%
594Mamanbo
91%
473Mammochon
91%
490Manaphy
91%
542Manternel
91%
438Manzaï
91%
556Maracachi
91%
551Mascaïman
91%
508Mastouffe
91%
502Mateloutre
91%
441Pijako
91%
395Pingoléon
91%
576Sidérella
91%
392Simiabraz
91%
641Boréas
90%
388Boskara
90%
465Bouldeneu
90%
468Togekiss
90%
389Torterra
90%
387Tortipouss
90%
565Mégapagos
88%
578Méios
88%
608Mélancolux
88%
648Meloetta
88%
402Mélokrik
88%
575Mesmérella
88%
417Pachirisu
88%
484Palkia
88%
414Papilord
88%
573Pashmilla
88%
599Tic
88%
393Tiplouf
88%
483Dialga
87%
634Diamat
87%
461Dimoret
87%
410Dinoclier
87%
454Coatox
86%
638Cobaltium
86%
520Colombeau
86%
430Corboss
86%
580Couaneton
86%
463Coudlangue
86%
610Coupenotte
86%
541Couverdure
86%
424Capidextre
85%
588Carabing
85%
564Carapagos
85%
445Carchacrok
85%
444Carmache
85%
400Castorno
85%
509Chacripan
84%
432Chaffreux
84%
431Chaglam
84%
409Charkos
84%
532Charpenti
84%
413Cheniselle
84%
412Cheniti
84%
391Chimpenfeu
84%
572Chinchidou
84%
548Chlorobule
84%
527Chovsourir
84%
390Ouisticram
84%
533Ouvrifier
84%
496Lianaja
83%
617Limaspeed
83%
618Limonde
83%
403Lixy
83%
478Momartik
83%
479Motisma
83%
435Moufflair
83%
434Moufouette
83%
501Moustillon
83%
593Moyade
83%
448Lucario
82%
609Lugulabre
82%
457Luminéon
82%
404Luxio
82%
405Luxray
82%
394Prinplouf
82%
519Poichigeon
81%
614Polagriffe
81%
613Polarhume
81%
507Ponchien
81%
506Ponchiot
81%
474Porygon-Z
81%
558Crabaraque
80%
557Crabicoque
80%
453Cradopaud
80%
537Crapustule
80%
482Créfadet
80%
481Créfollet
80%
480Créhelf
80%
488Cresselia
80%
401Crikzik
80%
553Crocorible
80%
561Cryptéro
80%
443Griknot
79%
597Grindur
79%
622Gringolem
79%
426Grodrive
79%
499Grotichon
79%
498Gruikui
79%
494Victini
79%
495Vipélierre
79%
640Viridium
79%
592Viskuse
79%
585Vivaldaim
79%
458Babimanta
78%
560Baggaïd
78%
559Baggiguane
78%
550Bargantua
78%
411Bastiodon
78%
536Batracné
78%
425Baudrive
78%
526Gigalithe
78%
487Giratina
78%
471Givrali
78%
647Keldeo
78%
399Keunotor
78%
500Roitiflam
76%
407Roserade
76%
529Rototaupe
76%
406Rozbouton
76%
581Lakmécygne
75%
603Lampéroie
75%
589Lançargot
75%
427Laporeille
75%
540Larveyette
75%
486Regigigas
75%
643Reshiram
75%
612Tranchodon
74%
635Trioxhydre
74%
535Tritonde
74%
423Tritosor
74%
590Trompignon
74%
491Darkrai
71%
555Darumacho
71%
554Darumarond
71%
568Miamiasme
71%
569Miasmax
71%
439Mime Jr.
71%
530Minotaupe
71%
505Miradar
71%
493Arceus
70%
437Archéodong
70%
436Archéomire
70%
566Arkéapti
70%
521Déflaisan
69%
645Démétéros
69%
649Genesect
68%
525Géolithe
68%
598Noacier
68%
477Noctunoir
68%
524Nodulithe
68%
503Clamiral
67%
600Clic
67%
601Cliticlic
67%
398Etouraptor
65%
396Etourmi
65%
397Etourvol
65%
534Bétochef
62%
642Fulguris
62%
607Funécire
62%
627Furaiglon
62%
408Kranidos
59%
447Riolu
59%
422Sancoki
59%
428Lockpin
58%
475Gallame
57%
591Gaulet
57%
485Heatran
57%
615Hexagel
57%
510Léopardus
57%
605Lewsor
57%
632Fermite
56%
511Feuillajou
56%
512Feuiloutan
56%
489Phione
56%
470Phyllali
56%
451Rapion
56%
504Ratentif
56%
446Goinfrex
55%
623Golemastoc
55%
639Terrakium
55%
522Zébibron
55%
523Zéblitz
55%
644Zekrom
55%
633Solochi
54%
582Sorbébé
54%
584Sorbouboul
54%
583Sorboul
54%
517Munna
52%
518Mushana
52%
418Mustébouée
52%
419Mustéflott
52%
455Vortente
51%
629Vostourno
51%
420Ceribou
50%
421Ceriflor
50%
416Apireine
48%
415Apitrini
48%
464Rhinastoc
47%
528Rhinolove
47%
545Brutapode
46%
616Escargaume
46%
552Escroco
46%
549Fragilady
46%
626Frison
46%
628Gueriaigle
46%
466Elekable
45%
547Farfaduvet
45%
577Nucléos
45%
602Anchwatt
44%
546Doudouvet
44%
624Scalpion
44%
625Scalproie
44%
544Scobolide
44%
472Scorvol
44%
574Scrutella
44%
476Tarinorme
44%
630Vaututrice
44%
543Venipatte
44%
621Drakkarmin
43%
452Drascore
43%
456Ecayon
41%
586Haydaim
39%
539Karaclée
39%
620Shaofouine
39%
492Shaymin
39%
646Kyurem
38%
531Nanméouïe
38%
606Neitram
37%
562Tutafeh
36%
563Tutankafer
36%
513Flamajou
35%
514Flamoutan
35%
515Flotajou
35%
516Flotoutan
35%
579Symbios
34%
567Aéroptéryx
33%
450Hippodocus
33%
449Hippopotas
33%
538Judokrak
33%
433Korillon
33%
611Incisache
32%
460Blizzaroi
31%
459Blizzi
31%
604Ohmassacre
31%
619Kungfouine
30%
631Aflamanoir
26%
440Ptiravi
26%
442Spiritomb
23%
469Yanméga
22%
571Zoroark
22%
570Zorua
22%
637Pyrax
21%
636Pyronille
21%
596Mygavolt
19%
587Emolga
16%
595Statitik
15%

Distribution des résultats

Percentile par nombre de réponses

% des personnes avec chaque résultat

Votre développement - résultats

Vous n’avez pas pris ce quiz